000 00326 a2200109 4500
020 _a9789386322296
100 _aSarkar, Soumyasree
_9181520
245 _aTextbook Of Nursing Foundation For Post Basic B. Sc. Nursing
250 _a1st
260 _bJaypee Brothers Medical Publisher
_c2017
999 _c158826
_d158826
650 _aNURSING FOUNDATION
_9181738